000 00543nam a2200193Ia 4500
005 20250923145824.0
008 008 250917s9999 xx 000 0 eng d
037 _aTextual
040 _aDSWL
_beng
_cDSWL
041 _aeng
_2eng
084 _aY15.2, N83;1
_qDSWL
245 0 _aIndian womenhood: Then and new
_cEd. by J.B. Tellis-Nayak
260 _aIndore
_b Satparkashan Sandar Kendra
_c1983
300 _a302p.
365 _aINR
_b25.00
925 _g25.00
942 _cTEXL
_hY15.2, N83;1
999 _c1456109
_d1456109